Basics in medical education / (رقم التسجيلة. 31780)

تفاصيل مارك
000 -الفاتح
حقل البيانات ثابتة الطول 01353cam a22004334a 4500
001 - رقم الضبط
رقم الضبط 15868142
003 - محدد رقم الضبط
رقم الضبط OSt
005 - وقت وتاريخ اخر تعامل مع التسجيلة
رقم الضبط 20150408114148.0
008 - عناصر البيانات ثابتة الطول - معلومات عامة
حقل البيانات ثابتة الطول 090814s2009 njua b 001 0 eng c
010 ## - رقم ضبط مكتبة الكونجرس
رقم ضبط مكتبة الكونجرس 2009289633
015 ## - رقم الببليوجرافية الوطنية
رقم الببليوجرافية الوطنية GBA931424
المصدر bnb
016 7# - رقم ضبط الوكاله الوطنية للضبط الببليوجرافي
رقم ضبط التسجيلة 101505391
المصدر DNLM
016 7# - رقم ضبط الوكاله الوطنية للضبط الببليوجرافي
رقم ضبط التسجيلة 014938456
المصدر Uk
020 ## - الرقم الدولى المعيارى للكتب
الرقم الدولى المعيارى للكتاب 9789812835383
020 ## - الرقم الدولى المعيارى للكتب
الرقم الدولى المعيارى للكتاب 9812835385
035 ## - رقم ضبط النظام
رقم ضبط النظام (OCoLC)ocn426113750
040 ## - مصدر الفهرسة
وكالة الفهرسة الأصلية NLM
وكالة النسخ NLM
وكالة التعديل UKM
-- MMU
-- SINIE
-- CUS
-- BTCTA
-- YDXCP
-- DLC
042 ## - رمز التحقق
رمز التحقق pcc
050 00 - رقم طلب مكتبة الكونجرس
رقم التصنيف R834
رقم المادة .A45 2009
060 00 - رقم الطلب بالمكتبة الطبية الوطنية
رقم التصنيف 2009 F-217
060 10 - رقم الطلب بالمكتبة الطبية الوطنية
رقم التصنيف W 18
رقم المادة A517b 2009
082 00 - رقم تصنيف ديوى العشرى
رقم التصنيف 610.7173
رقم الطبعة 22
رقم المادة AZB
100 1# - المدخل الرئيسى - إسم شخصى
الإسم الشخصى Amin, Zubair.
9 (RLIN) 39136
245 10 - بيان العنوان
العنوان Basics in medical education /
بيان المسئوليه,etc Zubair Amin, Khoo Hoon Eng.
246 30 - العنوان الموازى
عنوان صحيح/عنوان مختصر Medical education
250 ## - بيان الطبعة
بيان الطبعة 2nd ed.
260 ## - PUBLICATION, DISTRIBUTION, ETC. (IMPRINT)
مكان الناشر او الموزع Hackensack, NJ :
اسم الناشر او الموزع World Scientific,
تاريخ النشر أو التوزيع c2009.
300 ## - الوصف المادى
التعداد xxiv, 348 p. :
تفاصيل ماديه اخرى للوعاء ill. ;
أبعاد الوعاء 24 cm.
504 ## - تبصرة ببليوجرافية
تبصرة ببليوجرافية,الخ Includes bibliographical references and index.
650 #0 - المدخل الاضافى بالموضوع-مصطلح موضوعى
مصطلح موضوعي أو اسم جغرافي كعنصر مدخل Medicine
التقسيم الفرعي العام Study and teaching.
650 #0 - المدخل الاضافى بالموضوع-مصطلح موضوعى
مصطلح موضوعي أو اسم جغرافي كعنصر مدخل Medical education.
9 (RLIN) 39137
650 12 - المدخل الاضافى بالموضوع-مصطلح موضوعى
مصطلح موضوعي أو اسم جغرافي كعنصر مدخل Education, Medical.
9 (RLIN) 37652
650 22 - المدخل الاضافى بالموضوع-مصطلح موضوعى
مصطلح موضوعي أو اسم جغرافي كعنصر مدخل Learning.
650 22 - المدخل الاضافى بالموضوع-مصطلح موضوعى
مصطلح موضوعي أو اسم جغرافي كعنصر مدخل Teaching.
700 1# - المدخل الاضافى - اسم شخصى
الإسم الشخصى Khoo, Hoon Eng.
9 (RLIN) 39138
906 ## - عنصر بيانات محلى F, LDF (RLIN)
a 7
b cbc
c pccadap
d 2
e ncip
f 20
g y-gencatlg
942 ## - عناصر المدخل الإضافي( كوها)
مصدر التصنيف او مخطط الترفيف Dewey Decimal Classification
Koha [default] item type كتاب
المقتنيات
حالة الفقد نموذج السعر الفعال حالة تلف ليس للاعارة رقم الطلب تاريخ الاكتساب الموقع الحالي الباركود الفرع الرئيسي Date last seen نوع المادة فى نظام كوها مصدر التصنيف او خطة الترفيف Total Checkouts Date last checked out
  2013-11-03     610.7173 AZB 2013-11-03 المكتبة المركزية بالمجمعة (CL) 00404132 المكتبة المركزية بالمجمعة (CL) 2013-11-03 كتاب Dewey Decimal Classification    
  2013-11-03     610.7173 AZB 2013-11-03 المكتبة المركزية بالمجمعة (CL) 00404133 المكتبة المركزية بالمجمعة (CL) 2017-12-14 كتاب Dewey Decimal Classification 2 2017-11-01
  2013-11-03     610.7173 AZB 2013-11-03 المكتبة المركزية بالمجمعة (CL) 00404134 المكتبة المركزية بالمجمعة (CL) 2016-05-18 كتاب Dewey Decimal Classification 1 2016-03-29
  2013-11-03     610.7173 AZB 2013-11-03 مكتبة كلية التمريض - طالبات (CNF) 00404140 مكتبة كلية التمريض - طالبات (CNF) 2013-11-03 كتاب Dewey Decimal Classification    
  2013-11-03     610.7173 AZB 2013-11-03 مكتبة كلية التمريض - طلاب (CNM) 00404141 مكتبة كلية التمريض - طلاب (CNM) 2013-11-03 كتاب Dewey Decimal Classification    
  2013-11-03     610.7173 AZB 2013-11-03 مكتبة كلية العلوم الطبية التطبيقية بالمجمعة - طالبات (AMF) 00404138 مكتبة كلية العلوم الطبية التطبيقية بالمجمعة - طالبات (AMF) 2013-11-03 كتاب Dewey Decimal Classification    
  2013-11-03     610.7173 AZB 2013-11-03 مكتبة كلية العلوم الطبية التطبيقية بالمجمعة - طالبات (AMF) 00404139 مكتبة كلية العلوم الطبية التطبيقية بالمجمعة - طالبات (AMF) 2013-11-03 كتاب Dewey Decimal Classification    
  2013-11-03     610.7173 AZB 2013-11-03 مكتبة مجمع الكليات بالزلفى - طلاب (SZM) 00404135 مكتبة مجمع الكليات بالزلفى - طلاب (SZM) 2013-11-03 كتاب Dewey Decimal Classification    
  2013-11-03     610.7173 AZB 2013-11-03 مكتبة مجمع الكليات بالزلفى - طلاب (SZM) 00404136 مكتبة مجمع الكليات بالزلفى - طلاب (SZM) 2013-11-03 كتاب Dewey Decimal Classification    
  2013-11-03     610.7173 AZB 2013-11-03 مكتبة مجمع الكليات بالزلفى - طلاب (SZM) 00404137 مكتبة مجمع الكليات بالزلفى - طلاب (SZM) 2013-11-03 كتاب Dewey Decimal Classification